Zkoušení plastů

Gespeichert in:
Bibliographische Detailangaben
1. Verfasser: Jančář, Josef, 1957-
Weitere Verfasser: Nezbedová, Eva, 1944-
Format: Software E-Book
Sprache:Tschechisch
Veröffentlicht: Brno Vysoké učení technické 2007
Ausgabe:1. vyd.
Schlagworte:
Online-Zugang:Im OPAC anzeigen
Tags: Tag hinzufügen
Keine Tags, Fügen Sie das erste Tag hinzu!

MARC

LEADER 00000nam a2200000 a 4500
005 20260127134259.0
007 co ugu
008 081125 2008 xr s 000 0 cze d
020 |a 9788021434523 
035 |a vtls009449062 
039 9 |a 200811251057  |b mschk03  |y 200811251051  |z mschk03 
040 |a STUSCHK1  |b slo  |c STUSCHK1  |e AACR2 
080 |a 620.1  |b 2 MRF-sel 
080 |a 678  |b 2 MRF-sel 
100 1 |a Jančář, Josef, 1957-  |9 1147 
245 1 |a Zkoušení plastů  |h [elektronický optický disk  |c Josef Jančář, Eva Nezbedová 
250 |a 1. vyd. 
260 |a Brno  |b Vysoké učení technické  |c 2007 
300 |a 1 elektronický optický disk (CD-ROM) 
650 0 |a Nauka o materiálu  |x plasty 
650 0 |a zkoušení materiálů  |x plasty 
700 1 |a Nezbedová, Eva,  |d 1944-  |9 1165 
910 |a SCHK95 
919 |a 978-80-214-3452-3 
999 |c 8667  |d 8667